| 000 | 01780cam a22003735a 4500 | ||
|---|---|---|---|
| 001 | 010031186 | ||
| 003 | EG-ScBUE | ||
| 005 | 20220606100918.0 | ||
| 008 | 940923t2014 nyua f 001 0 eng d | ||
| 020 | _a9780073399546 (pbk) | ||
| 020 | _a007339954X (pbk) | ||
| 040 |
_aUk _beng _erda _cUk _dEG-ScBUE |
||
| 082 | 0 | 4 |
_a428.24 _bTHR _222 |
| 100 | 1 |
_aThrush, Emily A. _q(Emily Austin), _d1947- _eauthor. |
|
| 245 | 1 | 0 |
_aInteractions access : _blistening and speaking / _cEmily A. Thrush, Robert Baldwin, Laurie Blass. |
| 250 | _aSixth edition. | ||
| 264 | 1 |
_aNew York, NY : _bMcGraw-Hill, _c[2014] |
|
| 264 | 4 | _cc2014 | |
| 300 |
_axix, 250 pages : _billustrations ; _c24 cm |
||
| 336 |
_2rdacontent _atext _btxt |
||
| 337 |
_2rdamedia _aunmediated _bn |
||
| 338 |
_2rdacarrier _avolume _bnc |
||
| 500 | _aIncludes index. | ||
| 505 | 0 | _aNeighborhoods, cities, and towns -- Shopping and e-commerce -- Friends and family -- Health care -- Men and women -- Sleep and dreams -- Work and lifestyles -- Food and nutrition -- Great destinations -- Our planet. | |
| 520 | _aPrepares students for college life through modern content, intensive vocabulary development, and online homework. Interactions Access Listening/Speaking Student Book, 6th edition includes 10 chapters (3 brand new for this edition) and teaches the skills and vocabulary that students need for success in university courses.-- Publisher's website. | ||
| 650 | 7 |
_aEnglish language _vTextbooks for foreign speakers. _2BUEsh |
|
| 650 | 7 |
_aEnglish language _vSpoken English. _2BUEsh _936034 |
|
| 651 | _2BUEsh | ||
| 653 |
_bHHUUEENN _cMarch2019 |
||
| 655 |
_vReading book _934232 |
||
| 700 | 1 |
_aBaldwin, Robert, _d1954- _eauthor. _939702 |
|
| 700 | 1 |
_aBlass, Laurie, _d1952- _eauthor. _934715 |
|
| 942 |
_2ddc _cBB |
||
| 999 |
_c27291 _d27262 |
||